00702nam a22001937a 450000500170000001000150001702000260003203500140005803700130007208200120008510000200009724500910011726000250020827001300023330000460036350000630040965000220047270000140049420200819161957.0 aENG-128363 c889.00a9789353947637 aEN-111895 bDBAD/PUB a621.815 aL. Mott, Robert aMachine Elements in Mechanical Design:cby Robert L. MottbFourth Edition in SI units/ aNoidabPearsonc2020 a15th floor,Tower-B,Word Trade Tower,Plot no.1,Block-C sec 16,bNoidae201301k04466540100mcompanysecretary.india@pearson.com a872+56p.c25cm(pbk)bIllustration, Tables aDesigning Machine elements in context of mechanical design aMechanical design aJohn Tang